000 00625nam a2200241Ia 4500
003 OSt
005 20221005131826.0
006 a|||||r|||| 00| 0
007 ta
008 221004b |||||||| |||| 00| 0 kan d
024 _a60298
037 _cTextual
040 _aCRL
_cCRL
_bkan
041 _2kan
_akan
082 _aO33,3N02,23, K6
100 _aShivarama Karantha K. Au.
_9640142
245 0 _aSvapnada hole
260 _c1966
650 _a KANNAD LITERATURE
650 _aKANNAD FICTION
942 _hO33,3N02,23, K6
_cTEXL
_2cc
999 _c1061533
_d1061533